Fotógrafos en la calle / (Registro nro. 15511)
[ vista simple ]
| 000 -LEADER | |
|---|---|
| fixed length control field | 00552nam a22001817a 4500 |
| 003 - CONTROL NUMBER IDENTIFIER | |
| control field | OSt |
| 005 - DATE AND TIME OF LATEST TRANSACTION | |
| control field | 20210405103933.0 |
| 008 - FIXED-LENGTH DATA ELEMENTS--GENERAL INFORMATION | |
| fixed length control field | 210405b199? is ao||gr|||| 00| 0 spa d |
| 040 ## - CATALOGING SOURCE | |
| Original cataloging agency | CO-JMCR |
| Transcribing agency | CO-JMCR |
| 041 0# - LANGUAGE CODE | |
| Language code of text/sound track or separate title | spa |
| 082 04 - DEWEY DECIMAL CLASSIFICATION NUMBER | |
| Classification number | 770 / |
| Item number | I851f |
| Edition number | 23 |
| 100 1# - MAIN ENTRY--PERSONAL NAME | |
| Personal name | Isod, Liliana, |
| Relator term | editora |
| 9 (RLIN) | 36604 |
| 245 10 - TITLE STATEMENT | |
| Title | Fotógrafos en la calle / |
| Statement of responsibility, etc. | Liliana Isod |
| 260 ## - PUBLICATION, DISTRIBUTION, ETC. | |
| Place of publication, distribution, etc. | Israel : |
| Name of publisher, distributor, etc. | BasvichCrea, |
| Date of publication, distribution, etc. | [199?] |
| 300 ## - PHYSICAL DESCRIPTION | |
| Extent | 80 páginas : |
| Other physical details | ilustraciones y fotografías a color ; |
| Dimensions | 20 x 25 cm. |
| 650 14 - SUBJECT ADDED ENTRY--TOPICAL TERM | |
| Topical term or geographic name entry element | Fotografías |
| Geographic subdivision | Israel |
| 9 (RLIN) | 36605 |
| 942 ## - ADDED ENTRY ELEMENTS (KOHA) | |
| Source of classification or shelving scheme | Dewey Decimal Classification |
| Koha item type | Books |
| Withdrawn status | Lost status | Source of classification or shelving scheme | Damaged status | Not for loan | Home library | Current library | Shelving location | Date acquired | Source of acquisition | Total Checkouts | Full call number | Barcode | Date last seen | Date last checked out | Copy number | Price effective from | Koha item type |
|---|---|---|---|---|---|---|---|---|---|---|---|---|---|---|---|---|---|
| Dewey Decimal Classification | Biblioteca Pública José María del Castillo y Rada | Biblioteca Pública José María del Castillo y Rada | General Stacks | Donación | 1 | 770 / I851f | 201811016 | 02/11/2026 | 02/11/2026 | Ej.1 | Books |